<?xml version="1.0" encoding="UTF-8"?>
<record
    xmlns:xsi="http://www.w3.org/2001/XMLSchema-instance"
    xsi:schemaLocation="http://www.loc.gov/MARC21/slim http://www.loc.gov/standards/marcxml/schema/MARC21slim.xsd"
    xmlns="http://www.loc.gov/MARC21/slim">

  <leader>00452nam a22001577a 4500</leader>
  <controlfield tag="003">OSt</controlfield>
  <controlfield tag="005">20260506010840.0</controlfield>
  <controlfield tag="008">260506b        |||||||| |||| 00| 0 eng d</controlfield>
  <datafield tag="040" ind1=" " ind2=" ">
    <subfield code="a">DWCL-Main lib</subfield>
    <subfield code="c">OC</subfield>
  </datafield>
  <datafield tag="082" ind1=" " ind2=" ">
    <subfield code="a">Circ. 92 L491</subfield>
  </datafield>
  <datafield tag="100" ind1=" " ind2=" ">
    <subfield code="a">Levant, Oscar</subfield>
  </datafield>
  <datafield tag="245" ind1=" " ind2=" ">
    <subfield code="a">A Smattering of ignorance/</subfield>
    <subfield code="c">Oscar Levant</subfield>
  </datafield>
  <datafield tag="260" ind1=" " ind2=" ">
    <subfield code="a">Garden City, New York :</subfield>
    <subfield code="b">Garden City pub. co.,</subfield>
    <subfield code="c">c1942.</subfield>
  </datafield>
  <datafield tag="300" ind1=" " ind2=" ">
    <subfield code="a">xi, 267 p. ; </subfield>
    <subfield code="c">21 cm.</subfield>
  </datafield>
  <datafield tag="942" ind1=" " ind2=" ">
    <subfield code="2">ddc</subfield>
    <subfield code="c">BK-CIRC</subfield>
    <subfield code="m">Circ.</subfield>
    <subfield code="n">0</subfield>
  </datafield>
  <datafield tag="952" ind1=" " ind2=" ">
    <subfield code="0">0</subfield>
    <subfield code="1">0</subfield>
    <subfield code="2">ddc</subfield>
    <subfield code="4">0</subfield>
    <subfield code="7">0</subfield>
    <subfield code="a">DWCLJHS</subfield>
    <subfield code="b">DWCLJHS</subfield>
    <subfield code="c">Circulation</subfield>
    <subfield code="d">1965-04-02</subfield>
    <subfield code="e">Library Fund </subfield>
    <subfield code="l">0</subfield>
    <subfield code="o">Circ. 92 L491</subfield>
    <subfield code="p">JHS - 250</subfield>
    <subfield code="r">2026-05-06</subfield>
    <subfield code="w">2026-05-06</subfield>
    <subfield code="y">BK-CIRC</subfield>
    <subfield code="0"></subfield>
    <subfield code="@"></subfield>
    <subfield code="u"></subfield>
  </datafield>
  <datafield tag="999" ind1=" " ind2=" ">
    <subfield code="c">10269</subfield>
    <subfield code="d">10269</subfield>
  </datafield>
</record>
